ბათუმის შოთა რუსთაველის სახელმწიფო უნივერსიტეტის ბიბლიოთეკა

ყოფა და ტრადიციები. (ბიბ.ჩანაწერი № 38091)

000 -LEADER
fixed length control field 00707nam a2200229Ia 4500
001 - CONTROL NUMBER
control field 4079
003 - CONTROL NUMBER IDENTIFIER
control field GE_BSU
008 - FIXED-LENGTH DATA ELEMENTS--GENERAL INFORMATION
fixed length control field 181216s||||||||xx |||||||||||||| ||und||
040 ## - CATALOGING SOURCE
Transcribing agency GE_BSU
080 ## - UNIVERSAL DECIMAL CLASSIFICATION NUMBER
Universal Decimal Classification number 392(479.22)
100 ## - MAIN ENTRY--PERSONAL NAME
Personal name ფრუიძე, ლევან.
245 ## - TITLE STATEMENT
Title ყოფა და ტრადიციები.
245 ## - TITLE STATEMENT
Remainder of title (ეთნოგრაფიული ეტიუდები).
245 ## - TITLE STATEMENT
Statement of responsibility, etc. რედ. ზ. მოლაშხია.
260 ## - PUBLICATION, DISTRIBUTION, ETC.
Place of publication, distribution, etc. თბილისი
260 ## - PUBLICATION, DISTRIBUTION, ETC.
Name of publisher, distributor, etc. განათლება
260 ## - PUBLICATION, DISTRIBUTION, ETC.
Date of publication, distribution, etc. 1987
300 ## - PHYSICAL DESCRIPTION
Extent 127 გვ. 20 სმ.
653 ## - INDEX TERM--UNCONTROLLED
Uncontrolled term ყოფა და ტრადიციები.
942 ## - ADDED ENTRY ELEMENTS (KOHA)
Koha item type წიგნი
ეგზემპლარები
Withdrawn status Lost status Damaged status Not for loan Date acquired Barcode Date last seen Price effective from Koha item type Public note
        2018-12-17 5796 2018-12-17 2018-12-17 წიგნი დარბაზი